MAASAI MARA UNIVERSITY

LIBRARY CATALOGUE

Contact Us: +254 020 2685356/7 or 0774 057787

Box: 861-20500, NAROK, KENYA

Email: info@mmarau.ac.ke

Perspectives from the past : (Record no. 16587)

MARC details
000 -LEADER
fixed length control field 01155cam a2200289 a 4500
001 - CONTROL NUMBER
control field 13762163
003 - CONTROL NUMBER IDENTIFIER
control field OSt
005 - DATE AND TIME OF LATEST TRANSACTION
control field 20170518100046.0
008 - FIXED-LENGTH DATA ELEMENTS--GENERAL INFORMATION
fixed length control field 041026s2005 nyua b 000 0 eng
010 ## - LIBRARY OF CONGRESS CONTROL NUMBER
LC control number 2004061730
020 ## - INTERNATIONAL STANDARD BOOK NUMBER
International Standard Book Number 0393925692 (vol. 1 : pbk.)
020 ## - INTERNATIONAL STANDARD BOOK NUMBER
International Standard Book Number 0393925706 (vol. 2 : pbk.)
040 ## - CATALOGING SOURCE
Transcribing agency MMU
050 00 - LIBRARY OF CONGRESS CALL NUMBER
Classification number CB245
Item number .P45 2005
082 00 - DEWEY DECIMAL CLASSIFICATION NUMBER
Classification number 909/.09821
Edition number 22
245 00 - TITLE STATEMENT
Title Perspectives from the past :
Remainder of title primary sources in Western civilizations /
Statement of responsibility, etc. James M. Brophy ... [et al.].
250 ## - EDITION STATEMENT
Edition statement 3rd ed.
260 ## - PUBLICATION, DISTRIBUTION, ETC. (IMPRINT)
Place of publication, distribution, etc. New York :
Name of publisher, distributor, etc. W.W. Norton,
Date of publication, distribution, etc. 2005.
300 ## - PHYSICAL DESCRIPTION
Extent 2 v. :
Other physical details ill. ;
Dimensions 24 cm.
504 ## - BIBLIOGRAPHY, ETC. NOTE
Bibliography, etc Includes bibliographical references.
505 0# - FORMATTED CONTENTS NOTE
Formatted contents note v. 1. From the ancient Near East through the age of absolutism -- v. 2. From the early modern era through contemporary times.
650 #0 - SUBJECT ADDED ENTRY--TOPICAL TERM
Topical term or geographic name as entry element Civilization, Western
General subdivision History
Form subdivision Sources.
700 1# - ADDED ENTRY--PERSONAL NAME
Personal name Brophy, James M.
906 ## - LOCAL DATA ELEMENT F, LDF (RLIN)
a 7
b cbc
c orignew
d 1
e ocip
f 20
g y-gencatlg
942 ## - ADDED ENTRY ELEMENTS (KOHA)
Source of classification or shelving scheme Library of Congress Classification
Koha item type L

No items available.

© 2016 Maasai Mara University.